000 00923cam a2200277 a 4500
001 0000006071
005 20170406121217.0
008 981026s1999 nyua 000 0 eng
010 _a 98032005
020 _a1570752516
035 _9(DLC) 98032005
040 _aDLC
_cDLC
_dDLC
043 _ae-uk-ni
050 0 0 _aDA990.U46
_bM364 1999
082 0 0 _a320.9416
_221
100 1 _aMaguire, Mairead Corrigan.
245 1 4 _aThe vision of peace :
_bfaith and hope in Northern Ireland /
_cMairead Corrigan Maguire ; edited by John Dear.
260 _aMaryknoll, N.Y. :
_bOrbis Books,
_cc1999.
300 _axx, 123 p. :
_bill. ;
_c24 cm.
650 0 _aNonviolence
_xReligious aspects
_xChristianity.
650 0 _aPeace movements
_zNorthern Ireland.
650 0 _aPeace movements.
651 0 _aNorthern Ireland
_xPolitics and government
_y1994-.
700 1 _aDear, John,
_d1959-.
908 _a151112
999 _c5828
_d5828